|
|
|
|
| LEADER |
00000nas a22000001a 4500 |
| 001 |
vtls010301203 |
| 003 |
SK-MaSNL |
| 005 |
20260228161531.0 |
| 008 |
110810d19541954xo mr p r 0 b0slo |
| 015 |
|
|
|a SNBDS17XX9999
|
| 015 |
|
|
|a 0261
|2 Balúnová 1945-60
|
| 038 |
|
|
|a SNKBUDS
|
| 040 |
|
|
|a SNK
|b slo
|c SNK
|e AACR2
|
| 041 |
0 |
|
|a slo
|
| 044 |
|
|
|a xo
|c SK
|
| 080 |
|
|
|a 656.8
|2 2001
|
| 245 |
0 |
0 |
|a Dukelský spojár
|b závodný časopis spojových zamestnancov Prešovského kraja
|
| 260 |
|
|
|a Prešov
|b ZO KSS, ZR ROH, ZS ČSM a spojové služobne v Prešove
|c 1954
|
| 300 |
|
|
|a 1 roč.
|c 22 x 31 cm
|
| 310 |
|
|
|a 1x mesačne
|
| 362 |
0 |
|
|a Roč. II, č. 1 (1954)-č. 12 (28. dec. 1954)
|
| 500 |
|
|
|a Vych. v Prešove mesačne
|
| 500 |
|
|
|a Ved. red. od 5/II (22. mája 1954) Vojtech Bukna
|
| 500 |
|
|
|a Vyd. ZO KSS, ZR ROH, ZS ČSM a spojové služobne v Prešove
|
| 500 |
|
|
|a Tlač. Dukelské tlačiarne, n. p. záv. 01 v Prešove
|
| 500 |
|
|
|a Pov. PIO č. 12822/52-IV/2 z 19. aug. 1952; posl. známe č. 12/II (28. dec. 1954)
|
| 505 |
8 |
0 |
|g Roč. II. 1954 12 č. po 4 s.
|
| 580 |
|
|
|a Nadviazal na čas. Dukelský poštár
|
| 650 |
0 |
7 |
|a poštové služby
|2 SNKBUDS
|9 70200
|
| 655 |
|
7 |
|a podnikové časopisy
|2 SNKBUDS
|9 265225
|
| 700 |
1 |
|
|a Bukna, Vojtech
|4 pbd
|9 268825
|
| 710 |
2 |
|
|a Spojoví zamestnanci prešovského kraja (Prešov, Slovensko)
|e vydav.
|9 268826
|
| 710 |
2 |
|
|a Dukelské tlačiarne, n.p. (Prešov, Slovensko)
|e tlač.
|9 268827
|
| 780 |
0 |
0 |
|t Dukelský poštár
|
| 852 |
|
|
|a SNK
|b 10000
|h ČSB 877
|
| 852 |
|
|
|a SVKKK
|b 900000
|h C 309
|
| 999 |
|
|
|c 5686
|d 7616
|